000 00538nam a2200181Ia 4500
008 100920s9999 xx 000 0 und d
082 _b62769
_a61 0
100 _aभावे पु. भा.
245 _aघायाळ.
260 _bचाफेकर प्रकाशन, मुंबई.
_c0
300 _a184
_bसाधी
365 _b35
520 _aस्थानिक वाचन.
630 _aघायाळ.
650 _aस्थानिक वाचन.
730 _aघायाळ.
942 _cBOOK
999 _c705866
_d705863